000 00373nam a2200145Ia 4500
005 20251222152041.0
008 251222s9999||||xx |||||||||||||| ||spa||
020 _a8495334100
082 _a170/B57
100 _aBiosca González, Juan
245 0 _aPosees lo ajeno cuando posees lo superfluo
250 _a1ra.ed.
264 _bFundación Emanuel Mounier
942 _cLIB
999 _c26039
_d26039